[Event "Lloyds Bank Masters 3rd"]
[Site "London"]
[Date "1979.08.24"]
[Round "3"]
[White "Watson, John L"]
[Black "Crouch, Colin S"]
[Result "0-1"]
[WhiteElo "2375"]
[BlackElo "2300"]
[PlyCount "47"]
[EventDate "1979.08.22"]
[EventType "swiss"]
[EventRounds "9"]
[EventCountry "ENG"]
[SourceTitle "Big Database 2020"]
[Source "ChessBase"]
[SourceDate "1999.07.01"]
[SourceVersion "1"]
[SourceVersionDate "1999.07.01"]
[SourceQuality "1"]

1. c4 e6 2. Nf3 Nf6 3. Nc3 d5 4. e3 c6 5. d4 Nbd7 6. Qc2 Be7 7. Bd2 O-O 8.
O-O-O dxc4 9. Bxc4 b5 10. Bb3 Bb7 11. a4 c5 12. axb5 a6 13. b6 Qxb6 14. Ne5
cxd4 15. Nxd7 Nxd7 16. exd4 Rfc8 17. f3 Nf6 18. Bg5 Nd5 19. Bxe7 Nxe7 20. Rhe1
Nf5 21. Ba2 Nxd4 22. Qa4 Nb5 23. Rd3 Rab8 24. Red1 0-1

[Event "Lloyds Bank Masters 3rd"]
[Site "London"]
[Date "1979.08.24"]
[Round "3"]
[White "Watson, William N"]
[Black "Taulbut, Shaun M"]
[Result "0-1"]
[WhiteElo "2265"]
[BlackElo "2390"]
[PlyCount "90"]
[EventDate "1979.08.22"]
[EventType "swiss"]
[EventRounds "9"]
[EventCountry "ENG"]
[SourceTitle "Big Database 2020"]
[Source "ChessBase"]
[SourceDate "1999.07.01"]
[SourceVersion "1"]
[SourceVersionDate "1999.07.01"]
[SourceQuality "1"]

1. e4 g6 2. d4 d6 3. Nc3 Bg7 4. f4 Nf6 5. Nf3 O-O 6. e5 dxe5 7. fxe5 Nd5 8. Bc4
Be6 9. Bb3 c5 10. Ne4 cxd4 11. Nxd4 Nc7 12. Bf4 Bxb3 13. axb3 Qd5 14. Qd3 Nc6
15. Nxc6 Qxc6 16. O-O Ne6 17. Bg3 a6 18. Rf2 Rad8 19. Qe3 Nd4 20. c3 Nf5 21.
Qf4 Bh6 22. Qg4 Be3 23. Kh1 Nxg3+ 24. hxg3 Bxf2 25. Nxf2 Qe6 26. Qe2 Qf5 27.
Kg1 Qg5 28. Ng4 h5 29. Nh2 Qd2 30. Qe4 Qd5 31. Qf4 Qd2 32. Qe4 Qxb2 33. Rf1
Qxb3 34. g4 Rd1 35. gxh5 Qb6+ 36. Kh1 Rfd8 37. Qf4 Rxf1+ 38. Nxf1 Rd1 39. Kh2
Qb1 40. Ng3 Qc1 41. Qg4 Re1 42. Qc8+ Kg7 43. Qxb7 Qf4 44. Qxe7 Rxe5 45. Qd8
Rxh5+ 0-1

[Event "Lloyds Bank Masters 3rd"]
[Site "London"]
[Date "1979.08.24"]
[Round "3"]
[White "Westerinen, Heikki MJ"]
[Black "Josteinsson, Leifur"]
[Result "1-0"]
[WhiteElo "2465"]
[BlackElo "2325"]
[PlyCount "69"]
[EventDate "1979.08.22"]
[EventType "swiss"]
[EventRounds "9"]
[EventCountry "ENG"]
[SourceTitle "Big Database 2020"]
[Source "ChessBase"]
[SourceDate "1999.07.01"]
[SourceVersion "1"]
[SourceVersionDate "1999.07.01"]
[SourceQuality "1"]

1. e4 g6 2. d4 Bg7 3. c3 d6 4. Bg5 Bf6 5. h4 h6 6. Be3 c6 7. Nd2 e5 8. dxe5
dxe5 9. Nc4 Qxd1+ 10. Rxd1 Ne7 11. Nf3 b5 12. Ncxe5 Be6 13. Bd4 Bxe5 14. Nxe5
O-O 15. Bc5 Re8 16. Bxe7 Rxe7 17. Rd8+ Kg7 18. Nxc6 Rb7 19. a3 a5 20. Be2 Rb6
21. Rxb8 Rbxb8 22. Nxb8 Rxb8 23. Kd2 b4 24. cxb4 axb4 25. a4 Ra8 26. Ra1 Ra5
27. Bb5 Bb3 28. Ke3 Kf6 29. Kd4 Bc2 30. f3 b3 31. Kc5 Ke5 32. Kb6 Ra8 33. Bc6
Rd8 34. a5 f5 35. exf5 1-0

[Event "Lloyds Bank Masters 3rd"]
[Site "London"]
[Date "1979.08.25"]
[Round "4"]
[White "Basman, Michael J"]
[Black "Botterill, George Steven"]
[Result "0-1"]
[WhiteElo "2405"]
[BlackElo "2390"]
[PlyCount "108"]
[EventDate "1979.08.22"]
[EventType "swiss"]
[EventRounds "9"]
[EventCountry "ENG"]
[SourceTitle "Big Database 2020"]
[Source "ChessBase"]
[SourceDate "1999.07.01"]
[SourceVersion "1"]
[SourceVersionDate "1999.07.01"]
[SourceQuality "1"]

1. g4 d5 2. h3 e5 3. d3 Be6 4. Bg2 Nc6 5. a3 a5 6. Nc3 Nge7 7. Nf3 Ng6 8. e4 d4
9. Ne2 Be7 10. Ng3 Nh4 11. Nxh4 Bxh4 12. Nf5 g6 13. Nxh4 Qxh4 14. Qf3 f6 15.
Qg3 Qxg3 16. fxg3 h6 17. O-O Ke7 18. Rf2 g5 19. Bf3 Nb8 20. Bd2 Nd7 21. Raf1 c5
22. c4 a4 23. Bd1 b5 24. cxb5 Rhb8 25. h4 Rxb5 26. Bc1 c4 27. Bd2 Rxb2 28. hxg5
hxg5 29. dxc4 Bxc4 30. Bb4+ Rxb4 31. axb4 Bxf1 32. Kxf1 Nb6 33. Ra2 Rc8 34.
Bxa4 Rc4 35. Ke2 Rxb4 36. Bc2 Nc4 37. Ra7+ Kd6 38. Kd3 Ne3 39. Ra6+ Ke7 40.
Ra7+ Kf8 41. Ra8+ Kg7 42. Ra7+ Kh6 43. Ba4 Nxg4 44. Bd7 Nf2+ 45. Kc2 Nxe4 46.
Bf5 d3+ 47. Kxd3 Nc5+ 48. Kc3 Rb7 49. Ra2 g4 50. Kc4 Kg5 51. Rf2 Rc7 52. Kd5
Nb3 53. Bxg4 Rc5+ 54. Ke4 Rc4+ 0-1

[Event "Lloyds Bank Masters 3rd"]
[Site "London"]
[Date "1979.08.25"]
[Round "4"]
[White "Bennett, Terry B"]
[Black "Goodman, David SC"]
[Result "0-1"]
[WhiteElo "2290"]
[BlackElo "2340"]
[PlyCount "94"]
[EventDate "1979.08.22"]
[EventType "swiss"]
[EventRounds "9"]
[EventCountry "ENG"]
[SourceTitle "Big Database 2020"]
[Source "ChessBase"]
[SourceDate "1999.07.01"]
[SourceVersion "1"]
[SourceVersionDate "1999.07.01"]
[SourceQuality "1"]

1. f4 d5 2. Nf3 g6 3. e3 Bg7 4. Be2 Nf6 5. d3 O-O 6. O-O c5 7. a4 b6 8. Qe1 e6
9. Nbd2 Bb7 10. Ne5 Nfd7 11. Qg3 Nxe5 12. fxe5 Nc6 13. Nf3 Qc7 14. d4 f6 15.
Bd2 fxe5 16. Ng5 Qe7 17. Bg4 Rxf1+ 18. Rxf1 Nd8 19. e4 h6 20. Bxe6+ Nxe6 21.
Rf7 Qxf7 22. Nxf7 Kxf7 23. Qf3+ Kg8 24. Qh3 Nxd4 25. c3 Bc8 26. Qe3 Nb3 27.
exd5 Bb7 28. c4 Nd4 29. Qe4 Kh7 30. h4 Rf8 31. h5 Rf6 32. Kh2 Rd6 33. b4 Bc8
34. hxg6+ Rxg6 35. d6 Nf5 36. bxc5 bxc5 37. Qc6 Nxd6 38. Qxc5 Ba6 39. Qxa7 Bxc4
40. Bb4 Nf7 41. a5 Bd5 42. Qd7 Rxg2+ 43. Kh3 Ng5+ 44. Kh4 Be6 45. Qb7 Rg4+ 46.
Kh5 Rc4 47. a6 Bg4+ 0-1

[Event "Lloyds Bank Masters 3rd"]
[Site "London"]
[Date "1979.08.25"]
[Round "4"]
[White "Britton, Richard"]
[Black "Sowray, Peter John"]
[Result "1-0"]
[WhiteElo "2300"]
[BlackElo "2210"]
[PlyCount "79"]
[EventDate "1979.08.22"]
[EventType "swiss"]
[EventRounds "9"]
[EventCountry "ENG"]
[SourceTitle "Big Database 2020"]
[Source "ChessBase"]
[SourceDate "1999.07.01"]
[SourceVersion "1"]
[SourceVersionDate "1999.07.01"]
[SourceQuality "1"]

1. Nf3 Nf6 2. b3 b6 3. Bb2 Bb7 4. e3 e6 5. d4 Be7 6. Nbd2 c5 7. Bd3 d6 8. O-O
O-O 9. c4 Nbd7 10. Rc1 Rc8 11. Bb1 a6 12. Qe2 Rc7 13. e4 cxd4 14. Nxd4 Nc5 15.
f4 Rd7 16. Rc3 d5 17. cxd5 exd5 18. e5 Nfe4 19. Rh3 g6 20. N2f3 Ne6 21. Qe3 Re8
22. Kh1 Bf8 23. f5 N6g5 24. Bxe4 Nxe4 25. e6 Rc7 26. exf7+ Rxf7 27. Ne6 Qe7 28.
fxg6 Qxe6 29. gxf7+ Qxf7 30. Bd4 Bc8 31. Nd2 Qg6 32. Rhf3 Bh6 33. Nxe4 dxe4 34.
Rf4 b5 35. h3 a5 36. Bb2 Bxf4 37. Rxf4 h5 38. Qd4 Kh7 39. Rxe4 Bxh3 40. Re7+
1-0

[Event "Lloyds Bank Masters 3rd"]
[Site "London"]
[Date "1979.08.25"]
[Round "4"]
[White "Chandler, Murray G"]
[Black "Westerinen, Heikki MJ"]
[Result "1/2-1/2"]
[WhiteElo "2380"]
[BlackElo "2465"]
[PlyCount "64"]
[EventDate "1979.08.22"]
[EventType "swiss"]
[EventRounds "9"]
[EventCountry "ENG"]
[SourceTitle "Big Database 2020"]
[Source "ChessBase"]
[SourceDate "1999.07.01"]
[SourceVersion "1"]
[SourceVersionDate "1999.07.01"]
[SourceQuality "1"]

1. d4 Nf6 2. c4 g6 3. Nc3 Bg7 4. e4 d6 5. f3 O-O 6. Be3 Nc6 7. Nge2 Rb8 8. Qd2
a6 9. Bh6 Bxh6 10. Qxh6 e5 11. d5 Nd4 12. Qd2 c5 13. dxc6 bxc6 14. Nxd4 exd4
15. Qxd4 Rxb2 16. Be2 Nh5 17. g3 Ng7 18. O-O Ne6 19. Qe3 c5 20. Rab1 Rxb1 21.
Rxb1 Nd4 22. Bd1 Qa5 23. Kg2 Be6 24. Bb3 Rb8 25. f4 f6 26. Qd3 Bg4 27. h3 Be6
28. Ne2 Nxe2 29. Qxe2 Qc3 30. Rd1 Rb6 31. Rd3 Qa1 32. Rd1 Qc3 1/2-1/2

[Event "Lloyds Bank Masters 3rd"]
[Site "London"]
[Date "1979.08.25"]
[Round "4"]
[White "Crouch, Colin S"]
[Black "Balinas, Rosendo Carrean"]
[Result "1/2-1/2"]
[WhiteElo "2300"]
[BlackElo "2365"]
[PlyCount "170"]
[EventDate "1979.08.22"]
[EventType "swiss"]
[EventRounds "9"]
[EventCountry "ENG"]
[SourceTitle "Big Database 2020"]
[Source "ChessBase"]
[SourceDate "1999.07.01"]
[SourceVersion "1"]
[SourceVersionDate "1999.07.01"]
[SourceQuality "1"]

1. e4 c5 2. c3 d5 3. exd5 Qxd5 4. d4 cxd4 5. cxd4 Nc6 6. Nf3 Bg4 7. Nc3 Bxf3 8.
gxf3 Qxd4 9. Qxd4 Nxd4 10. Nb5 Nc2+ 11. Kd1 Nxa1 12. Nc7+ Kd7 13. Nxa8 g6 14.
Be3 Bh6 15. Bb5+ Kd6 16. Bxa7 Nf6 17. Nb6 Rd8 18. Ke2 Nc2 19. Rd1+ Kc7 20. Rxd8
Kxd8 21. Nc4 Bf4 22. a3 e5 23. h3 Nd5 24. Ba4 Nd4+ 25. Bxd4 exd4 26. Kd3 Nc7
27. Na5 Kc8 28. Bb3 f6 29. Bg8 h6 30. Nb3 g5 31. Nxd4 h5 32. a4 Be5 33. b3 Na6
34. Ne2 Nc5+ 35. Kc4 Bd6 36. Ng3 h4 37. Nh5 Be7 38. a5 Na6 39. Kd5 Kd8 40. Ke6
Nc5+ 41. Kf5 Nd3 42. Be6 Nxf2 43. Kg6 Nd3 44. Nxf6 Ne5+ 45. Kxg5 Nxf3+ 46. Kg6
Ne5+ 47. Kf5 Nc6 48. Nd5 Bd6 49. Ne3 Nxa5 50. Kg4 Bg3 51. Bd5 Nxb3 52. Bxb3 Ke7
53. Kg5 Kf8 54. Kg6 Be1 55. Nf5 Bg3 56. Kf6 Be1 57. Bd5 b6 58. Ke5 b5 59. Kf6
Bc3+ 60. Kg6 Be1 61. Kh7 Bf2 62. Nd6 b4 63. Bb3 Bg3 64. Nf7 Be1 65. Ne5 Ke7 66.
Nd3 Bg3 67. Nxb4 Kf8 68. Nc6 Bf4 69. Nd8 Bg3 70. Nf7 Bf2 71. Ne5 Be1 72. Ng6+
Ke8 73. Kg7 Bc3+ 74. Kg8 Be1 75. Ba4+ Kd8 76. Kf7 Bg3 77. Ne7 Be1 78. Nf5 Bf2
79. Ke6 Be1 80. Nd6 Bf2 81. Nf7+ Kc7 82. Bd1 Be1 83. Bg4 Bc3 84. Ke7 Be1 85.
Nh6 Bf2 1/2-1/2

[Event "Lloyds Bank Masters 3rd"]
[Site "London"]
[Date "1979.08.25"]
[Round "4"]
[White "Fuller, Maxwell L"]
[Black "Pein, Malcolm"]
[Result "0-1"]
[WhiteElo "2380"]
[BlackElo "2205"]
[PlyCount "100"]
[EventDate "1979.08.22"]
[EventType "swiss"]
[EventRounds "9"]
[EventCountry "ENG"]
[SourceTitle "Big Database 2020"]
[Source "ChessBase"]
[SourceDate "1999.07.01"]
[SourceVersion "1"]
[SourceVersionDate "1999.07.01"]
[SourceQuality "1"]

1. e4 d6 2. d4 Nf6 3. Nc3 g6 4. Bg5 c6 5. Qd2 b5 6. e5 b4 7. exf6 bxc3 8. Qxc3
exf6 9. Bf4 Bg7 10. Bd3 O-O 11. Ne2 f5 12. Qa3 d5 13. O-O Nd7 14. Rfe1 Nf6 15.
Rad1 Re8 16. c4 Be6 17. c5 Nh5 18. Be5 Bxe5 19. dxe5 Qg5 20. b4 f4 21. Nd4 Bh3
22. Bf1 Bd7 23. Qb3 Ng7 24. b5 Rab8 25. b6 axb6 26. cxb6 Qd8 27. Rb1 c5 28. Nf3
c4 29. Qb4 Bf5 30. Rb2 Re6 31. b7 Re7 32. Nd4 Rexb7 33. Qxb7 Rxb7 34. Rxb7 Qa8
35. Rb5 Bd7 36. Rc5 Ne6 37. Nxe6 Bxe6 38. g3 Qxa2 39. Bg2 Qd2 40. Ra1 Qd4 41.
Rca5 fxg3 42. hxg3 Qxe5 43. Bxd5 Bxd5 44. Rd1 c3 45. Raxd5 c2 46. Rd8+ Kg7 47.
Rf1 Qc3 48. Re8 c1=Q 49. Rxc1 Qxc1+ 50. Kh2 Qf1 0-1

[Event "Lloyds Bank Masters 3rd"]
[Site "London"]
[Date "1979.08.25"]
[Round "4"]
[White "Haik, Aldo"]
[Black "Franklin, Michael J"]
[Result "1-0"]
[WhiteElo "2435"]
[BlackElo "2345"]
[PlyCount "69"]
[EventDate "1979.08.22"]
[EventType "swiss"]
[EventRounds "9"]
[EventCountry "ENG"]
[SourceTitle "Big Database 2020"]
[Source "ChessBase"]
[SourceDate "1999.07.01"]
[SourceVersion "1"]
[SourceVersionDate "1999.07.01"]
[SourceQuality "1"]

1. d4 Nf6 2. c4 e6 3. Nc3 Bb4 4. Qc2 Nc6 5. Nf3 d6 6. a3 Bxc3+ 7. Qxc3 Ne4 8.
Qc2 f5 9. g3 a5 10. b3 O-O 11. Bb2 Qe7 12. Bg2 Bd7 13. Rd1 Rae8 14. O-O b6 15.
d5 Nd8 16. Nd4 exd5 17. cxd5 Bc8 18. Rc1 Rf7 19. b4 axb4 20. axb4 Bb7 21. f3
Nf6 22. e4 Bc8 23. Bh3 g6 24. exf5 Nxd5 25. fxg6 Bxh3 26. gxf7+ Nxf7 27. Rfd1
Nxb4 28. Qd2 c5 29. Re1 Qd7 30. Rxe8+ Qxe8 31. Re1 Qd7 32. g4 h5 33. Nf5 hxg4
34. Nh6+ Kh7 35. Nxf7 1-0

[Event "Lloyds Bank Masters 3rd"]
[Site "London"]
[Date "1979.08.25"]
[Round "4"]
[White "Iskov, Gert"]
[Black "Law, Andrew P"]
[Result "0-1"]
[WhiteElo "2370"]
[BlackElo "2375"]
[PlyCount "94"]
[EventDate "1979.08.22"]
[EventType "swiss"]
[EventRounds "9"]
[EventCountry "ENG"]
[SourceTitle "Big Database 2020"]
[Source "ChessBase"]
[SourceDate "1999.07.01"]
[SourceVersion "1"]
[SourceVersionDate "1999.07.01"]
[SourceQuality "1"]

1. e4 c5 2. Nc3 e6 3. Nge2 d6 4. g3 Nf6 5. Bg2 Be7 6. O-O O-O 7. f4 Nc6 8. h3
Rb8 9. g4 Nd7 10. a4 a6 11. g5 b5 12. axb5 axb5 13. Ng3 c4 14. d4 cxd3 15. cxd3
Qb6+ 16. Kh2 b4 17. Nce2 Ba6 18. d4 Rfe8 19. f5 Bf8 20. g6 hxg6 21. fxg6 fxg6
22. Rf4 Nf6 23. Rh4 Bc8 24. Bg5 e5 25. d5 Nd8 26. Bxf6 gxf6 27. Qd2 Nf7 28. Rg1
Ng5 29. Rf1 Bg7 30. Nh1 Qd8 31. Qe1 Rf8 32. Qg3 Ba6 33. Re1 Rc8 34. Ng1 f5 35.
exf5 e4 36. f6 Qxf6 37. Rg4 Nf3+ 38. Nxf3 exf3 39. Rxg6 Qxb2 40. Re7 Rf7 41.
Rxf7 Kxf7 42. Rxg7+ Qxg7 43. Qxf3+ Kg8 44. Ng3 Rc3 45. Qf4 Rxg3 46. Qxg3 Qxg3+
47. Kxg3 Bd3 0-1

[Event "Lloyds Bank Masters 3rd"]
[Site "London"]
[Date "1979.08.25"]
[Round "4"]
[White "Jansson, Borje"]
[Black "Van der Weide, Piet"]
[Result "1-0"]
[WhiteElo "2410"]
[BlackElo "2290"]
[PlyCount "63"]
[EventDate "1979.08.22"]
[EventType "swiss"]
[EventRounds "9"]
[EventCountry "ENG"]
[SourceTitle "Big Database 2020"]
[Source "ChessBase"]
[SourceDate "1999.07.01"]
[SourceVersion "1"]
[SourceVersionDate "1999.07.01"]
[SourceQuality "1"]

1. e4 e5 2. Nf3 d6 3. d4 exd4 4. Nxd4 g6 5. Nc3 Bg7 6. g3 Nf6 7. Bg2 O-O 8. h3
Nbd7 9. O-O Re8 10. Re1 Nc5 11. a4 a5 12. Re2 Nfd7 13. Be3 Ne5 14. b3 Bd7 15.
Rc1 Nc6 16. Ndb5 Na6 17. Qd2 Ncb4 18. Bd4 Bxd4 19. Qxd4 Nc5 20. Rd1 Ne6 21. Qd2
Bc6 22. f4 Nc5 23. Kh2 Qd7 24. e5 Bxg2 25. Rxg2 d5 26. Nxd5 Nxd5 27. Qxd5 Qe7
28. Qc4 Ra6 29. Rgd2 Rc6 30. Qe2 Kg7 31. Nc3 Nxb3 32. Nd5 1-0

[Event "Lloyds Bank Masters 3rd"]
[Site "London"]
[Date "1979.08.25"]
[Round "4"]
[White "Patterson, Nicholas J"]
[Black "Plaskett, H James"]
[Result "1/2-1/2"]
[WhiteElo "2350"]
[BlackElo "2410"]
[PlyCount "132"]
[EventDate "1979.08.22"]
[EventType "swiss"]
[EventRounds "9"]
[EventCountry "ENG"]
[SourceTitle "Big Database 2020"]
[Source "ChessBase"]
[SourceDate "1999.07.01"]
[SourceVersion "1"]
[SourceVersionDate "1999.07.01"]
[SourceQuality "1"]

1. d4 Nf6 2. c4 c5 3. d5 e5 4. Nc3 d6 5. e4 Be7 6. Bd3 O-O 7. Nf3 Nbd7 8. h3
Ne8 9. O-O g6 10. Bh6 Ng7 11. Kh2 f5 12. Qc2 f4 13. g3 Nf6 14. gxf4 exf4 15. e5
dxe5 16. Bxg7 Kxg7 17. Rg1 Kh8 18. Bxg6 Qd7 19. Ng5 Nxd5 20. Be8 Qf5 21. Qxf5
Bxf5 22. Nf7+ Rxf7 23. Bxf7 Nxc3 24. bxc3 e4 25. Bd5 Bh4 26. Raf1 Rb8 27. Rg2
b6 28. Rfg1 Bg6 29. Rxg6 hxg6 30. Rxg6 Bxf2 31. Bxe4 Re8 32. Rh6+ Kg7 33. Rh7+
Kf6 34. Bf3 Re3 35. Kg2 Bg3 36. Rxa7 Rxc3 37. Rb7 Rc2+ 38. Kg1 Rb2 39. a4 Bf2+
40. Kf1 Be3 41. Bd5 Ke5 42. Ke1 Kd4 43. a5 Bd2+ 44. Ke2 Bb4+ 45. Kf3 bxa5 46.
Ra7 Rb3+ 47. Kg2 Be1 48. h4 Rg3+ 49. Kf1 Bc3 50. Ke2 Rh3 51. Rh7 a4 52. Ra7 a3
53. Rxa3 Re3+ 54. Kf1 Rh3 55. Ke2 Rxh4 56. Ra8 Rh3 57. Re8 Rh2+ 58. Kf3 Bd2 59.
Ra8 Rh3+ 60. Ke2 Rh2+ 61. Kf3 Be3 62. Ra7 Rf2+ 63. Kg4 Rf1 64. Rd7 Rf2 65. Ra7
Rc2 66. Kf3 Rf2+ 1/2-1/2

[Event "Lloyds Bank Masters 3rd"]
[Site "London"]
[Date "1979.08.25"]
[Round "4"]
[White "Petursson, Margeir"]
[Black "Littlewood, Paul E"]
[Result "1-0"]
[WhiteElo "2420"]
[BlackElo "2405"]
[PlyCount "99"]
[EventDate "1979.08.22"]
[EventType "swiss"]
[EventRounds "9"]
[EventCountry "ENG"]
[SourceTitle "Big Database 2020"]
[Source "ChessBase"]
[SourceDate "1999.07.01"]
[SourceVersion "1"]
[SourceVersionDate "1999.07.01"]
[SourceQuality "1"]

1. Nf3 d5 2. d4 Nf6 3. c4 e6 4. g3 c5 5. cxd5 exd5 6. Bg2 Nc6 7. O-O Be7 8.
dxc5 Bxc5 9. a3 O-O 10. b4 Be7 11. Bb2 a6 12. Nbd2 Bf5 13. Rc1 Qb6 14. Nb3 Be4
15. Nfd4 Nxd4 16. Bxd4 Qe6 17. Nc5 Bxc5 18. Rxc5 Bxg2 19. Kxg2 Ne4 20. Rc7 Rfe8
21. Rxb7 Nd6 22. Rb6 Qe4+ 23. Kg1 Nc4 24. Rb7 Nxa3 25. Qd3 Nb5 26. Bc5 d4 27.
Qxe4 Rxe4 28. e3 h5 29. exd4 Nxd4 30. Rd1 Rd8 31. Kf1 Kh7 32. f3 Ne6 33. Rxd8
Nxd8 34. Rb8 Nc6 35. Rb6 Re6 36. Rxa6 Nd4 37. Rxe6 Nxe6 38. Ke2 Kg6 39. Kd3 Kf5
40. Kc4 g5 41. Kd5 g4 42. fxg4+ Kxg4 43. Bd6 h4 44. gxh4 Kxh4 45. b5 Kg4 46. b6
Nd8 47. Be7 Nb7 48. Kc6 Na5+ 49. Kb5 Nb7 50. Ka6 1-0

[Event "Lloyds Bank Masters 3rd"]
[Site "London"]
[Date "1979.08.25"]
[Round "4"]
[White "Sharif, Mershad"]
[Black "Martin, Andrew D"]
[Result "1-0"]
[WhiteElo "2445"]
[BlackElo "2330"]
[PlyCount "65"]
[EventDate "1979.08.22"]
[EventType "swiss"]
[EventRounds "9"]
[EventCountry "ENG"]
[SourceTitle "Big Database 2020"]
[Source "ChessBase"]
[SourceDate "1999.07.01"]
[SourceVersion "1"]
[SourceVersionDate "1999.07.01"]
[SourceQuality "1"]

1. e4 e5 2. Nf3 Nc6 3. Bb5 a6 4. Ba4 Nf6 5. O-O Be7 6. Re1 b5 7. Bb3 d6 8. c3
O-O 9. d4 Bg4 10. d5 Na5 11. Bc2 c6 12. h3 Bxf3 13. Qxf3 cxd5 14. exd5 Rc8 15.
b3 g6 16. Bh6 Re8 17. g4 b4 18. c4 Nb7 19. a3 a5 20. axb4 axb4 21. Bd2 Nc5 22.
Bxb4 h5 23. g5 Nh7 24. h4 Bxg5 25. hxg5 Nxg5 26. Qg2 e4 27. Re3 Re5 28. Nd2 f5
29. Bc3 f4 30. Rxe4 f3 31. Qg3 Ncxe4 32. Nxe4 Rf5 33. Nf6+ 1-0

[Event "Lloyds Bank Masters 3rd"]
[Site "London"]
[Date "1979.08.25"]
[Round "4"]
[White "Westerveld, Wim"]
[Black "Friedgood, David"]
[Result "0-1"]
[WhiteElo "2250"]
[BlackElo "2310"]
[PlyCount "134"]
[EventDate "1979.08.22"]
[EventType "swiss"]
[EventRounds "9"]
[EventCountry "ENG"]
[SourceTitle "Big Database 2020"]
[Source "ChessBase"]
[SourceDate "1999.07.01"]
[SourceVersion "1"]
[SourceVersionDate "1999.07.01"]
[SourceQuality "1"]

1. e4 c5 2. Nf3 e6 3. d4 cxd4 4. Nxd4 a6 5. Bd3 Nf6 6. O-O Qc7 7. Nb3 Be7 8.
Nc3 b5 9. a3 Bb7 10. Bd2 O-O 11. f4 d6 12. Qe2 Nbd7 13. Rae1 e5 14. Kh1 Rfe8
15. Qf3 Bf8 16. Qh3 g6 17. f5 Bg7 18. Qf3 Rac8 19. Bg5 Qb8 20. Re2 Qa8 21. fxg6
fxg6 22. Ref2 d5 23. exd5 Rxc3 24. bxc3 e4 25. Qh3 exd3 26. cxd3 Bxd5 27. Nd4
Qc8 28. Qh4 Nh5 29. Qg4 Ne5 30. Qd1 Qxc3 31. Nc2 Nxd3 32. Rd2 Nb2 33. Qg4 Qc4
34. Ne3 Qxg4 35. Nxg4 Bc4 36. Rg1 Nd3 37. Nh6+ Bxh6 38. Bxh6 Nhf4 39. h3 Ne2
40. Ra1 Ng3+ 41. Kh2 Nf5 42. Bg5 Kg7 43. g4 h6 44. gxf5 hxg5 45. fxg6 Kxg6 46.
Rg1 Re4 47. Rg3 Kf5 48. Rgxd3 Bxd3 49. Rxd3 Kf4 50. Rd6 Re2+ 51. Kg1 a5 52.
Rd4+ Ke5 53. Rg4 Kf5 54. Rd4 Rb2 55. a4 Rb4 56. Rd5+ Kf4 57. axb5 a4 58. b6
Rxb6 59. Rd4+ Kg3 60. Rg4+ Kxh3 61. Rxg5 Rf6 62. Ra5 Rf4 63. Re5 Kg3 64. Re3+
Rf3 65. Re4 Ra3 66. Kf1 Ra1+ 67. Ke2 a3 0-1

[Event "Lloyds Bank Masters 3rd"]
[Site "London"]
[Date "1979.08.25"]
[Round "4"]
[White "Yeo, Michael J"]
[Black "Davies, Nigel Rodney"]
[Result "0-1"]
[WhiteElo "2200"]
[BlackElo "2220"]
[PlyCount "78"]
[EventDate "1979.08.22"]
[EventType "swiss"]
[EventRounds "9"]
[EventCountry "ENG"]

1. e4 e5 2. Nf3 Nc6 3. d4 exd4 4. Nxd4 Nf6 5. Nxc6 bxc6 6. e5 Qe7 7. Qe2 Nd5 8.
c4 Nb6 9. Bf4 a5 10. Nd2 Ba6 11. Qe4 Rb8 12. b3 Qa3 13. Be2 Bb4 14. O-O Bxd2
15. Bxd2 O-O 16. Bd3 g6 17. Rfe1 Rfe8 18. Qh4 Qb2 19. Bg5 Rxe5 20. Bf6 Rxe1+
21. Rxe1 Qd2 22. Re3 Nd5 23. Rf3 Re8 24. h3 Qe1+ 25. Bf1 Nxf6 26. Qxf6 Re7 27.
Qd4 Qb4 28. h4 Bc8 29. h5 Qd6 30. Qc3 Qe5 31. hxg6 hxg6 32. Qd2 d6 33. b4 Qa1
34. Re3 Rxe3 35. fxe3 Be6 36. bxa5 Bxc4 37. Qf2 c5 38. g4 Kf8 39. Kg2 Bxf1+ {
Source: Michael J Yeo, contributed 19 May 2021} 0-1

[Event "Lloyds Bank Masters 3rd"]
[Site "London"]
[Date "1979.08.26"]
[Round "5"]
[White "Afek, Yochanan"]
[Black "Basman, Michael J"]
[Result "0-1"]
[WhiteElo "2230"]
[BlackElo "2405"]
[PlyCount "86"]
[EventDate "1979.08.22"]
[EventType "swiss"]
[EventRounds "9"]
[EventCountry "ENG"]
[SourceTitle "Big Database 2020"]
[Source "ChessBase"]
[SourceDate "1999.07.01"]
[SourceVersion "1"]
[SourceVersionDate "1999.07.01"]
[SourceQuality "1"]

1. d4 d6 2. e4 Nf6 3. Nc3 a6 4. f4 c5 5. dxc5 Qa5 6. cxd6 exd6 7. Bd3 Nc6 8.
Nf3 Be7 9. O-O O-O 10. h3 Re8 11. Be3 Bd8 12. Qd2 Bd7 13. a3 b5 14. b4 Qc7 15.
Rfe1 Rc8 16. Bxb5 axb5 17. Nxb5 Nxe4 18. Nxc7 Nxd2 19. Nxe8 Nxf3+ 20. gxf3 Bxe8
21. c4 Ne7 22. c5 Nf5 23. Bf2 Bf6 24. Rad1 dxc5 25. Bxc5 Bc6 26. Rd3 g6 27. Rb1
Bb5 28. Rd2 Ra8 29. Rb3 h5 30. Kg2 Bc4 31. Rb1 Nh4+ 32. Kf2 Rxa3 33. b5 Rxf3+
34. Kg1 Rxf4 35. Rf2 Nf3+ 36. Kg2 Bd5 37. Rd1 Be4 38. b6 Rf5 39. Be3 Bh4 40.
Rb2 Nd2+ 41. Kh2 Nf1+ 42. Rxf1 Rxf1 43. Bg1 Bf6 0-1

[Event "Lloyds Bank Masters 3rd"]
[Site "London"]
[Date "1979.08.26"]
[Round "5"]
[White "Balinas, Rosendo Carrean"]
[Black "Knott, Simon JB"]
[Result "1-0"]
[WhiteElo "2365"]
[BlackElo "2210"]
[PlyCount "63"]
[EventDate "1979.08.22"]
[EventType "swiss"]
[EventRounds "9"]
[EventCountry "ENG"]
[SourceTitle "Big Database 2020"]
[Source "ChessBase"]
[SourceDate "1999.07.01"]
[SourceVersion "1"]
[SourceVersionDate "1999.07.01"]
[SourceQuality "1"]

1. e4 e6 2. d4 d5 3. Nd2 Nf6 4. e5 Nfd7 5. f4 c5 6. c3 Nc6 7. Ndf3 Qa5 8. a3 c4
9. g4 b5 10. Be3 Nb6 11. Ne2 Qa4 12. Qb1 Bd7 13. Ng3 Na5 14. f5 Nb3 15. Ra2 h6
16. Be2 Qa6 17. O-O O-O-O 18. g5 Qb7 19. Nh4 hxg5 20. Bxg5 Re8 21. Bh5 Be7 22.
f6 gxf6 23. exf6 Reg8 24. Bxf7 Rxg5 25. fxe7 Qc7 26. Qe1 Nc1 27. Qxc1 Rxg3+ 28.
hxg3 Qxg3+ 29. Ng2 e5 30. dxe5 Qh2+ 31. Kf2 Rh3 32. Qf4 1-0